00550nam a22001697a 4500999001900000005001700019010001300036020002600049037000900075100002500084245009700109260003900206270007900245300001900324700002000343942001700363 c181777d18177720211005170705.0 aEN230921 a9789351507338c450.00 bSage aChakrabarty, Bidyut  aIndian administration: bevolution and practice /cby Bidyut Chakrabarty [and] Prakash Chand aNew DelhibSage Publicationsc2016 aB1/I-1, Mohan Cooperative Industrial Area, Mathura RoadbNew Delhie110044 avp.c24cm(pbk) aChand, Prakash  2ddccENmCHA